Dorota Sadovská. Žlté nebo a iné
| Other Authors: | , , , , , , , , , |
|---|---|
| Format: | Book |
| Language: | Slovak English French German |
| PhysicalDescription: | [12] s. fotoreprod. 30 x 21 cm |
| Published: |
[Bratislava
Vysoká škola výtvarných umení
1996]
|
| ISBN: | 8088675235 |
| Subjects: |
MARC
| LEADER | 00000nam a2200000 a 4500 | ||
|---|---|---|---|
| 001 | vtls001222350 | ||
| 003 | SK-MaSNL | ||
| 005 | 20260415120255.0 | ||
| 008 | 130606s1996 xo o g c 00000dslo | ||
| 015 | |a SNBE1997/0100132 | ||
| 020 | |a 8088675235 | ||
| 035 | |a SNK000167894 | ||
| 040 | |a SNK |b slo |c SNK |e AACR2 | ||
| 041 | 0 | |a slo |a eng |a fre |a ger | |
| 044 | |a xo |c SK | ||
| 080 | |a 75.071.1:061.4(083.9)=00 |2 1981 | ||
| 080 | |a 929 Sadovská, Dorota |2 1981 | ||
| 100 | 1 | |a Sadovská, Dorota, |d 1973- |4 pht |4 orm |9 1636952 | |
| 245 | 1 | 0 | |a Dorota Sadovská. Žlté nebo a iné |c translations: Elena Flašková ...[et al.] ; photo: Dorota Sadovská, Martin Marenčin, Róbert Kočan ; arranged: Dorota Sadovská ; graphic design: Martin Janoško |
| 246 | 1 | 1 | |a ...Der gelbe Himmel und andere |
| 260 | |a [Bratislava |b Vysoká škola výtvarných umení |c 1996] | ||
| 300 | |a [12] s. |b fotoreprod. |c 30 x 21 cm | ||
| 500 | |a Biogr. údaje | ||
| 546 | |a Súbež. text angl., franc., nem. | ||
| 650 | 0 | 7 | |a slovenské výtvarné umenie |2 SNKPH |9 68597 |
| 650 | 0 | 7 | |a výtvarníci |2 SNKPH |9 118705 |
| 655 | 7 | |a katalógy výstav |2 SNKPH |9 70445 | |
| 700 | 1 | |a Flašková, Dorota |4 trl |9 43723 | |
| 700 | 1 | |a Heinischová, Viera |4 trl |9 10882 | |
| 700 | 1 | |a Karpiscak, Lee |4 trl |9 11284 | |
| 700 | 1 | |a Mesko, Róbert |4 trl | |
| 700 | 1 | |a Strelinger, Ján, |d 1964- |4 trl |9 199824 | |
| 700 | 1 | |a Švecová, Mária |4 trl |9 7187 | |
| 700 | 1 | |a Vargová, Mária, |d 1971- |4 trl |9 235692 | |
| 700 | 1 | |a Marenčin, Martin, |d 1956- |4 pht |9 90522 | |
| 700 | 1 | |a Kočan, Robo, |d 1968- |4 pht |9 99226 | |
| 700 | 1 | |a Janoško, Martin |4 bkd |9 44575 | |
| 919 | |a 80-88675-23-5 | ||
| 958 | |a BX | ||
| 999 | |c 797299 |d 799229 | ||
| 952 | |t P60, <09>, [BOOK], {629} |a SNK |b SNK |y NEVYP |7 0 |o snkB 1154 |i snk3823/961107 |0 0 |1 0 |4 0 |d 1996-11-06 |l 0 |r 2005-01-01 00:00:00 |w 2026-02-24 | ||
| 952 | |t P60, <04>, [BOOK], {604} |a SNK |b SNK |y VYP |7 0 |p 17A0016827 |o snkOSB 11146 D1 |i snkKSP 9519/96 |0 0 |1 0 |4 0 |d 1996-11-06 |l 0 |r 2005-01-01 00:00:00 |w 2026-02-24 | ||
| 952 | |t P60, <03>, [BOOK], {603} |a SNK |b SNK |y PREZ |7 0 |p 17A0016826 |o snkOSB 11146 |i snkKSP 9518/96 |0 0 |1 0 |4 0 |d 1996-11-06 |l 0 |r 2005-01-01 00:00:00 |w 2026-02-24 | ||


